| 000 | 03640njm a2200565Ia 4500 | ||
|---|---|---|---|
| 001 | 25575 | ||
| 003 | IT-RoPAU | ||
| 005 | 20220918181125.0 | ||
| 008 | 131025s9999 xx 000 0 und d | ||
| 040 | _aIT-RoPAU | ||
| 040 | _cIT-RoPAU | ||
| 041 | _aITALIANO | ||
| 999 |
_c100082 _d100082 |
||
| 999 | _bn.d. | ||
| 100 |
_aAA.VV. _9794 |
||
| 100 |
_eAutore musica _912019 |
||
| 100 |
_gCodice autore musica SPICS: 12000 _9796 |
||
| 245 | _aRosanna Fratello | ||
| 250 | _a1a ed. | ||
| 260 | _aMILANO | ||
| 260 |
_bOXFORD RECORD _c1976 [1a Ed.:1976 - Ed. Lingua Orig.: 1976] |
||
| 300 | _aDISCO | ||
| 300 | _c37 minuti (Testo: pag.) | ||
| 500 | _aCanzone italiana | ||
| 505 | _aNon sono Maddalena (4:00) - Tornerai (3:00) - Piango d'amore (3:00) - La vita è rosa [(La vie en rose) (3:00)] - Io non so dirti di no (3:00) - Il treno (5:00) - Il mio sguardo è uno specchio (3:00) - Il nostro concerto (3:00) - Ciao anni verdi(4:00) - Fascination (3:00) - Una rosa e una candela (3:00) - Avventura a Casablanca (4:00) | ||
| 650 |
_aCANZONE ITALIAN [DISCHI] _eCodice MATERIA SPICS: 9950 _912020 |
||
| 700 |
_aFratello Rosanna _gCodice interprete SPICS: 11597 _eInterprete _912021 |
||
| 700 |
_aPallavicini Vito _gCodice autore musica SPICS: 13656 _eAutore musica _pNon sono Maddalena - Il treno - Ciao anni verdi _912022 |
||
| 700 |
_aConte Paolo _gCodice autore SPICS: 7844 _eAutore _pNon sono Maddalena _912023 |
||
| 700 |
_aOlivieri Dino _gCodice autore musica SPICS: 13481 _eAutore musica _pTornerai _912024 |
||
| 700 |
_aRastelli Nino _gCodice autore testo/musica SPICS: 13482 _eAutore testo/musica _pTornerai _912025 |
||
| 700 |
_aLombardi Gianfranco _gCodice autore musica SPICS: 15823 _eAutore musica _pPiango d'amore _912026 |
||
| 700 |
_aBalducci A. _gCodice autore testo/musica SPICS: 15822 _eAutore tetso/musica _pPiango d'amore _912027 |
||
| 700 |
_aPiaf Edith _gCodice autore musica SPICS: 11566 _eAutore musica _pLa vita è rosa _912028 |
||
| 700 |
_aLeonardi Piero _gCodice autore SPICS: 13646 _eAutore _pLa vita è rosa _912029 |
||
| 700 |
_aLouigny _gCodice autore testo/musica SPICS: 14414 _eAutore testo/musica _pLa vita è rosa _912030 |
||
| 700 |
_aConti C. _gCodice autore musica SPICS: 15827 _eAutore musica _pIo non so dirti di no - Una rosa e una candela _912031 |
||
| 700 |
_aArgento G. _gCodice autore testo/musica SPICS: 15824 _eAutore testo/musica _pIo non so dirti di no - Una rosa e una candela _912032 |
||
| 700 |
_aIsola E. _gCodice autore testo/musica SPICS: 15825 _eAutore testo/musica _pIl treno _912033 |
||
| 700 |
_aRustichelli Carlo _gCodice autore musica SPICS: 1758 _eAutore musica _pIl mio sguardo è uno specchio _912034 |
||
| 700 |
_aGermi Pietro _gCodice autore testo/musica SPICS: 6161 _eAutore musica _pIl mio sguardo è uno specchio _912035 |
||
| 700 |
_aCalabrese Giorgio _gCodice autore musica SPICS: 1368 _eAutore musica _pIl nostro concerto _912036 |
||
| 700 |
_aBindi Umberto _gCodice autore testo/musica SPICS: 13681 _eAutore testo/musica _pIl nostro concerto _912037 |
||
| 700 |
_aCelentano Adriano _gCodice autore musica SPICS: 10821 _eAutore musica _pCiao anni verdi _912038 |
||
| 700 |
_aDe Luca N. _gCodice autore SPICS: 22924 _eAutore musica _pCiao anni verdi _912039 |
||
| 700 |
_aLarici (Gili Mario) _gCodice autore musica SPICS: 13548 _eAutore musica _pFascination _912040 |
||
| 700 |
_aMorley J. _gCodice autore SPICS: 15826 _eAutore _pFascination _912041 |
||
| 700 |
_aRossi Carlo Alberto (Cicero) _gCodice autore musica SPICS: 13130 _eAutore musica _pAvventura a Casablanca _912042 |
||
| 700 |
_aNisa (Salerno Nicola) _gCodice autore testo/musica SPICS: 13452 _eAutore testo/musica _pAvventura a Casablanca _912043 |
||
| 942 |
_cMD _2ddc |
||